Actuelles : chroniques 1944-1948 /

Guardat en:
Dades bibliogràfiques
Autor principal: Camus, Albert, 1913-1960
Format: Llibre
Idioma:French
Publicat: Paris : Gallimard, c1950.
Matèries:
LEADER 00814nam a22002171 4500
001 c000359962
003 CARM
005 00000000000000.0
008 851113s1950 fr 00010 fre d
019 1 |a 4135459  |5 LACONCORD2021 
035 |a (OCoLC)1369776  |5 LACONCORD2021 
082 1 |a 844.9 
100 1 |a Camus, Albert,  |d 1913-1960. 
245 1 0 |a Actuelles :  |b chroniques 1944-1948 /  |c Albert Camus. 
260 |a Paris :  |b Gallimard,  |c c1950. 
300 |a 270 p. ;  |c 19 cm. 
651 0 |a France  |x Politics and government  |y 1940-1945. 
651 0 |a France  |x Politics and government  |y 1945- 
852 8 |b CARM  |h A1:AO13B0  |i A04556  |p 0407728  |f BK 
999 f f |i f6df401b-5390-5a57-9d4c-908b972f194d  |s 1e248691-08fc-57a2-a588-21edac1bec38 
952 f f |p Can circulate  |a CAVAL  |b CAVAL  |c CAVAL  |d CARM 1 Store  |e A04556  |f A1:AO13B0  |h Other scheme  |i book  |m 0407728